000 00401nam a2200169Ia 4500
001 4975
003 IN-NITTTR
005 20251114233005.0
008 251113s9999||||xx |||||||||||||| ||eng||
040 _beng
040 _cIN-NITTTR
041 _aeng
082 _a539.7 S64I
100 _aSingru, R. M.
245 0 _aIntroduction to experimental nuclear physics. /
_cSingru, R. M.
942 _2ddc
_cBK
999 _c7611
_d7611